Statistics for Count to 50 in Roman Numerals by Length

Click here to take the quiz!

General Stats

  • This quiz has been taken 69 times
  • The average score is 35 of 50

Answer Stats

#% Correct
I
100%
V
98%
X
96%
II
93%
IV
93%
IX
93%
VI
93%
III
91%
XI
91%
L
89%
VII
89%
XII
84%
XIV
82%
XV
82%
XX
82%
XVI
81%
VIII
79%
XL
77%
XXI
77%
XIII
75%
XIX
74%
XVII
74%
XXV
74%
XXX
74%
XXIX
68%
XXXI
68%
XXII
67%
XXIV
67%
XXVI
67%
XXXV
65%
XLI
63%
XLIV
60%
XLV
60%
XLII
58%
XLVI
58%
XLIX
56%
XVIII
56%
XXVII
54%
XXXII
54%
XXXIV
54%
XXXVI
54%
XXIII
53%
XXXIX
51%
XLIII
49%
XXXVII
49%
XXXVIII
49%
XLVII
47%
XXVIII
46%
XXXIII
46%
XLVIII
44%

Score Distribution

Percentile by Number Answered

Percent of People with Each Score

Your Score History

You have not taken this quiz